000 00253nam a2200109Ia 4500
008 200302s9999 xx 000 0 und d
100 _aColin Rowe and others
245 _aCollage City
260 _bBirkhauser Verlag Gmbh
260 _c2009
300 _a290
999 _c6812
_d6812